Thailand, Indonesia and Burma in comparative perspective / (Record no. 6110)

MARC details
000 -LEADER
fixed length control field 02266cam a2200313 4500
001 - CONTROL NUMBER
control field 7184
005 - DATE AND TIME OF LATEST TRANSACTION
control field 20181127183111.0
008 - FIXED-LENGTH DATA ELEMENTS--GENERAL INFORMATION
fixed length control field 011211s2002 enkab b 001 0 eng
020 ## - INTERNATIONAL STANDARD BOOK NUMBER
International Standard Book Number 075461932X
082 04 - DEWEY DECIMAL CLASSIFICATION NUMBER
Classification number 320.30959
Edition number 21
100 ## - MAIN ENTRY--PERSONAL NAME
Personal name Sulistiyanto, Priyambudi .
Numeration
Titles and words associated with a name
Dates associated with a name
Relator term
Fuller form of name
245 10 - TITLE STATEMENT
Title Thailand, Indonesia and Burma in comparative perspective /
Statement of responsibility, etc. Priyambudi Sulistiyanto.
260 ## - PUBLICATION, DISTRIBUTION, ETC.
Place of publication, distribution, etc. Aldershot, Hampshire ;
-- Burlington, VT :
Name of publisher, distributor, etc. Ashgate,
Date of publication, distribution, etc. c2002.
300 ## - PHYSICAL DESCRIPTION
Extent xiv, 308 p. :
Other physical details ill., map ;
Dimensions 23 cm.
490 1# - SERIES STATEMENT
Series statement The international political economy of new regionalisms series
504 ## - BIBLIOGRAPHY, ETC. NOTE
Bibliography, etc. note Includes bibliographical references (p. [274]-300) and index.
505 ## - FORMATTED CONTENTS NOTE
Formatted contents note Map of Southeast Asia -- 1. Introduction -- 2. Reform, Boom and Crisis: Contending Approaches -- 3. Thailand's Boom -- 4. Thailand's Crisis -- 5. Indonesia's Boom -- 6. Indonesia's Crisis -- 7. Burma's Unreal Boom -- 8. Burma's Crisis -- 9. Conclusion: Thailand, Indonesia and Burma Compared.
Miscellaneous information
Statement of responsibility
Title
520 ## - SUMMARY, ETC.
Summary, etc. "This comparative examination of the political economy of contemporary Thailand, Indonesia and Burma presents case studies of these countries during the periods of economic boom and examines the causes and political consequences of economic crisis. It examines how and why some countries have adjusted to the consequences of economic crisis better than others. It also finds that globalisation, and all that comes with it, has created both crises and opportunities for these countries, as they have undergone considerable economic and political change." "The book is suitable for students, academics and researchers interested in Southeast Asian politics, and those studying comparative politics and international political economy".
650 #0 - SUBJECT ADDED ENTRY--TOPICAL TERM
Topical term or geographic name entry element Comparative government.
651 #0 - SUBJECT ADDED ENTRY--GEOGRAPHIC NAME
Geographic name Burma
General subdivision Economic policy
Chronological subdivision 1988-
Geographic name Burma
General subdivision Politics and government
Chronological subdivision 1988-
Geographic name Indonesia
General subdivision Economic conditions
Chronological subdivision 1966-1997.
Geographic name Indonesia
General subdivision Economic conditions
Chronological subdivision 1997-
Geographic name Indonesia
General subdivision Politics and government
Chronological subdivision 1966-1998.
Geographic name Thailand
General subdivision Economic policy
Chronological subdivision 1986-
Geographic name Thailand
General subdivision Politics and government
Chronological subdivision 1988-
830 #0 - SERIES ADDED ENTRY--UNIFORM TITLE
Uniform title International political economy of new regionalisms series.
Holdings
Withdrawn status Lost status Source of classification or shelving scheme Damaged status Not for loan Collection code Home library Current library Shelving location Serial Enumeration / chronology Inventory number Total Checkouts Full call number Barcode Date last seen Date last checked out Price effective from Koha item type
    Dewey Decimal Classification     Main TEST RTC Library RTC Library Main opac 11039 1 320.3 SUL 30010936 29/08/2019 31/07/2019 27/11/2018 Main
Royal Thimphu College || All Right Reserved